000 00643nam a2200229 u 4500
005 20240831063741.0
008 111107s2006 es r 000 0 spa d
020 _a8466717064
035 _aUPN01000182451
049 _aI
050 4 _aPZ75
_bC3.8 2006
100 1 _aCano Peiró, Carles,
_d1957-
_931900
245 1 0 _aAl otro lado del sombrero /
_cCarles Cano ; il. Paco Giménez.
250 _a5a ed.
260 _aMadrid :
_bAnaya,
_c2006.
300 _a116 p. :
_bil. col.
440 0 _aSopa de libros ;
_v76
650 4 _aCuentos infantiles españoles
_97725
650 2 _aMagia
_910194
905 _aInfantil
999 _c154554
_d154554